The Bombay Sales Tax Act 1959 (Record no. 844763)

MARC details
000 -LEADER
fixed length control field 00355nam a2200145Ia 4500
008 - FIXED-LENGTH DATA ELEMENTS--GENERAL INFORMATION
fixed length control field 230817s2002 xx 000 0 und d
041 ## - LANGUAGE CODE
Language code of text/sound track or separate title eng
082 ## - DEWEY DECIMAL CLASSIFICATION NUMBER
Classification number 343052/AHU
100 ## - MAIN ENTRY--PERSONAL NAME
Personal name Mathuria MS
245 ## - TITLE STATEMENT
Title The Bombay Sales Tax Act 1959
250 ## - EDITION STATEMENT
Edition statement 20th Ed
260 ## - PUBLICATION, DISTRIBUTION, ETC.
Place of publication, distribution, etc. Mumbai
Name of publisher, distributor, etc. Lagal InfService
Date of publication, distribution, etc. 2002
300 ## - PHYSICAL DESCRIPTION
Extent xxiiip
650 ## - SUBJECT ADDED ENTRY--TOPICAL TERM
Topical term or geographic name entry element TAXATION LAW
Holdings
Withdrawn status Lost status Damaged status Not for loan Home library Current library Date acquired Total Checkouts Full call number Barcode Date last seen Price effective from Koha item type
        Yashwantrao Chavan Law College,Karad YLK Yashwantrao Chavan Law College,Karad YLK 23/08/2002   343052/AHU YLK-2000 17/08/2023 17/08/2023 Book